000 00309nam a22001217a 4500
008 181015b xxu||||| |||| 00| 0 eng d
041 _aeng
080 _a336
100 _a56
101 _afin
245 _aModern Public Finanace The Study Public Sector Economics
_cHerber.B.P
942 _2udc
_cBK
999 _c49686
_d49686